Návratné a nenávratné nástroje uplatňovania regionálnej politiky bakalárska práca

Uložené v:
Podrobná bibliografia
Hlavný autor: Rusnáčková, Jana
Korporativný autor: Národohospodárska fakulta EU. Katedra verejnej správy a regionálneho rozvoja
Ďalší autori: Szitásiová, Valéria, 1987-
Médium: Kniha
Jazyk:Slovak
Vydavateľské údaje: Bratislava 2014
Tagy: Pridať tag
Žiadne tagy, Buďte prvý, kto otaguje tento záznam!

MARC

LEADER 00000nbm a2200000 4500
001 0189321
005 20170201085254.9
041 0 |a slo 
044 |a SK 
245 1 0 |a Návratné a nenávratné nástroje uplatňovania regionálnej politiky  |b bakalárska práca  |c Jana Rusnáčková ; školiteľ: Valéria Szitásiová 
264 1 |a Bratislava  |c 2014 
300 |a 49 s. 
100 1 |a Rusnáčková, Jana 
700 1 |a Szitásiová, Valéria, 1987- 
710 2 |a Národohospodárska fakulta EU. Katedra verejnej správy a regionálneho rozvoja